000 00599nam a2200229Ia 4500
003 OSt
005 20220918201816.0
006 a|||||r|||| 00| 0
007 ta
008 220917b |||||||| |||| 00| 0 eng d
024 _a96,620
037 _cTextual
040 _aARTS
_cARTS
_beng
041 _2eng
_aeng
082 _aV2:21wM76, J6
100 _aLawrence Second Marquess of Zetland
_9100802
245 0 _aEssayez
_b Memoris
260 _c1956
650 _aHISTORY
942 _hV2:21wM76, J6
_cTEXL
_2CC
999 _c220228
_d220228